Municipalities of Crawford County, Wisconsin - Statistics

General Stats
  • This quiz has been taken 41 times
  • The average score is 12 of 23
Answers on the Map
Answers color-coded by a green-red scale on the quiz's map according to % correct below.
 
Answer Stats
Answer % Correct
City of Prairie du Chien
83%
Town of Prairie du Chien
83%
Town of Utica
67%
Town of Wauzeka
67%
Village of De Soto
67%
Village of Lynxville
67%
Village of Mount Sterling
67%
Village of Soldiers Grove
67%
Village of Steuben
67%
Village of Wauzeka
67%
Census Designated Place of Seneca
50%
Town of Eastman
50%
Town of Freeman
50%
Town of Haney
50%
Town of Seneca
50%
Village of Eastman
50%
Village of Ferryville
50%
Village of Gays Mills
50%
Town of Bridgeport
33%
Town of Clayton
33%
Town of Marietta
33%
Village of Bell Center
33%
Town of Scott
0%
No matching quizzes found
Score Distribution
Percent of People with Each Score
Percentile by Number Answered
Your Score History
You have not taken this quiz